Cantons of Switzerland by Number of Foreigners - Statistics

General Stats
  • This quiz has been taken 30 times
  • The average score is 4 of 10
Answer Stats
Hint Answer % Correct
40.5% Genève
91%
36.8% Basel-Stadt
74%
33.1% Waadt
57%
27.4% Zürich
52%
27.8% Ticino
43%
25.8% Aargau
26%
29.3% Zug
22%
25.3% Neuchâtel
13%
26.6% Schaffhausen
13%
25.7% Thurgau
4%
No matching quizzes found
Score Distribution
Percent of People with Each Score
Percentile by Number Answered
Your Score History
You have not taken this quiz